000 00489nam a22001817a 4500
005 20250415131342.0
008 250414b |||||||| |||| 00| 0 eng d
020 _a978-81-312-6812-4
041 _aeng
082 _a616.12 MAI-C
100 _aMAIN, ELEANOR AND DENEHY, LINDA
_98630
245 _aCARDIORESPIRATORY PHYSIOTHERAPY : ADULTS AND PAEDIATRICS
250 _a5TH ED,
260 _aGURGAON
_bELSEVIER
_c2023
300 _a750;P
650 _aPHYSIOTHERAPY
_98180
942 _cBK
999 _c8766
_d8764